[Event "25th Czech Rapid G1 2014"]
[Site "Pardubice CZE"]
[Date "2014.07.17"]
[Round "9.32"]
[White "Yakimenko, Alexander A."]
[Black "Pribyl, Josef"]
[Result "0-1"]
[BlackTitle "IM"]
[WhiteElo "2142"]
[BlackElo "2269"]
[WhiteFideId "24141917"]
[BlackFideId "300187"]
[EventDate "2014.07.16"]

1. d4 Nf6 2. c4 g6 3. f3 d5 4. cxd5 Nxd5 5. e4 Nb6 6. Nc3 Bg7 7. Be3 O-O 8. Qd2
Nc6 9. Rd1 e5 10. d5 Nd4 11. Nb5 Nxb5 12. Bxb5 Bd7 13. Bd3 c6 14. dxc6 Bxc6 15.
Ne2 Qe7 16. O-O Rfd8 17. Nc3 Nc4 18. Qf2 Nxe3 19. Qxe3 Rd4 20. Ne2 Rb4 21. b3
Bf8 22. Rc1 a5 23. Rfd1 a4 24. Bc4 axb3 25. Bxb3 Kg7 26. Nc3 Qc5 27. Nd5 Qxe3+
28. Nxe3 Rd4 29. Nd5 Rxd1+ 30. Rxd1 Bc5+ 31. Kf1 h5 32. Rc1 Bd4 33. Nb4 Bb5+ 34.
Ke1 Rd8 35. Rc7 Rd7 36. Rxd7 Bxd7 37. Nd3 Bb5 38. Kd2 f5 39. Bd5 b6 40. h3 Kf6
41. Kc2 Kg5 42. Kd2 Be8 43. g3 fxe4 44. Bxe4 Bd7 45. Ke2 Bxh3 46. Nf2 Be6 47. a3
Kf6 48. Bd3 Bxf2 49. Kxf2 g5 50. Kg2 Bf5 51. Bc4 Ke7 52. Kf2 Kd6 53. Bf7 h4 54.
gxh4 gxh4 55. Ke3 Kc5 56. Be8 h3 57. Kf2 Kd4 58. Kg3 Ke3 59. Bc6 Kd4 60. Be8 Kc3
61. Kh2 Kb3 62. a4 Kb4 63. Kg3 Ka5 64. Bc6 Kb4 65. Be8 Kc5 66. Kh2 Kd4 67. Kg3
Ke3 68. Bc6 Be6 69. Be4 Bd7 70. Bd5 Bxa4 71. Kxh3 Bd1 72. Kg3 b5 73. Bc6 b4 74.
Bd5 b3 75. Kg2 b2 76. Be4 Bxf3+ 0-1

[Event "25th Czech Rapid G1 2014"]
[Site "Pardubice CZE"]
[Date "2014.07.17"]
[Round "9.33"]
[White "Tarakanov, Oleg"]
[Black "Pinter, Erik"]
[Result "0-1"]
[BlackTitle "IM"]
[WhiteElo "2161"]
[BlackElo "2354"]
[WhiteFideId "4500610"]
[BlackFideId "14902826"]
[EventDate "2014.07.16"]

1. e4 c5 2. Nf3 d6 3. c3 Nf6 4. Bc4 e6 5. Qe2 Be7 6. d4 d5 7. Bb5+ Bd7 8. e5
Bxb5 9. Qxb5+ Qd7 10. Qxd7+ Nfxd7 11. O-O cxd4 12. cxd4 Nc6 13. Nc3 a6 14. a3
Na5 15. b4 Nc4 16. Nd2 Nxd2 17. Bxd2 Nb6 18. Be3 Kd7 19. Rfb1 Rhc8 20. Rb3 Rc7
21. a4 Rac8 22. Bd2 Nc4 23. Be1 Bg5 24. a5 Nd2 25. Bxd2 Bxd2 26. Ne2 Bc3 27. Rd1
Rc4 28. g3 Bxb4 29. Rdb1 Bxa5 30. Rxb7+ R4c7 31. R7b3 Rc2 32. Kf1 Bd2 33. Rb6 a5
34. Ra6 g5 35. h3 Bb4 36. h4 h6 37. Ra7+ R8c7 38. Ra8 Ra2 39. Rh8 Rcc2 40. Nc1
Rxf2+ 41. Kg1 Rg2+ 42. Kh1 Rh2+ 43. Kg1 Rag2+ 44. Kf1 Rxg3 45. hxg5 Rxg5 46. Ra8
h5 47. Ra1 h4 48. Nb3 Rh1+ 49. Kf2 Rxa1 50. Nxa1 Rg4 51. Nb3 Ke7 52. Ra7+ Kf8
53. Nc5 Rxd4 54. Nd7+ Kg7 55. Kf3 h3 56. Kg3 Rd3+ 57. Kh2 Bd2 58. Nf6 Bf4+ 59.
Kg1 Be3+ 60. Kh2 Bxa7 0-1

[Event "25th Czech Rapid G1 2014"]
[Site "Pardubice CZE"]
[Date "2014.07.17"]
[Round "9.34"]
[White "Krouzel, Jaroslav"]
[Black "Jacko, Vladimir2"]
[Result "0-1"]
[WhiteTitle "FM"]
[BlackTitle "FM"]
[WhiteElo "2125"]
[BlackElo "2296"]
[WhiteFideId "301566"]
[BlackFideId "14915928"]
[EventDate "2014.07.16"]

1. d4 g6 2. c4 Bg7 3. Nc3 c5 4. d5 Bxc3+ 5. bxc3 f5 6. e4 fxe4 7. f3 d6 8. fxe4
Nf6 9. Bd3 Qa5 10. Bd2 Rf8 11. Nf3 Bg4 12. O-O Nbd7 13. Qc2 Bxf3 14. Rxf3 O-O-O
15. Rb1 Ne5 16. Rff1 Qa6 17. Rb5 Nfg4 18. Rfb1 b6 19. a4 Rf2 20. Bf1 Ne3 21. Qb2
Rxf1+ 22. Rxf1 Nxf1 23. Kxf1 Nxc4 24. Qa2 Nxd2+ 25. Qxd2 Qxa4 26. Qe2 Rf8+ 27.
Ke1 Qa1+ 28. Kd2 Qa2+ 29. Ke1 Qa1+ 30. Kd2 Rf1 0-1

[Event "25th Czech Rapid G1 2014"]
[Site "Pardubice CZE"]
[Date "2014.07.17"]
[Round "9.35"]
[White "Krapivin, Vladislav"]
[Black "Travkina, Anastasia"]
[Result "0-1"]
[WhiteTitle "IM"]
[BlackTitle "WFM"]
[WhiteElo "2321"]
[BlackElo "2200"]
[WhiteFideId "4126149"]
[BlackFideId "24129151"]
[EventDate "2014.07.16"]

1. e4 c5 2. Nc3 Nc6 3. g3 g6 4. Bg2 Bg7 5. d3 d6 6. f4 Nf6 7. Nf3 O-O 8. O-O Nd7
9. Nh4 Rb8 10. f5 b5 11. a3 a5 12. Nd5 Nb6 13. c3 b4 14. axb4 axb4 15. Bd2 bxc3
16. bxc3 Nxd5 17. exd5 Ne5 18. c4 Rb2 19. Ra3 Qb6 20. Bc3 g5 21. Bxb2 Qxb2 22.
Rb3 Qd4+ 23. Kh1 Bd7 24. Nf3 Nxf3 25. Qxf3 Ba4 26. Rb7 Bf6 27. Qe4 Qc3 28. Qe2
Bc2 29. Be4 Ra8 30. h4 h6 31. Rc1 Ra1 32. Rxa1 Qxa1+ 33. Kg2 Qc1 34. Kh3 Bd1 35.
Qg2 g4+ 36. Kh2 Bd4 37. Rxe7 Kg7 38. f6+ Kxf6 39. Rd7 Qe3 40. Rxd6+ Kg7 41. Rb6
Bf3 42. Bxf3 gxf3 43. Qf1 Qe2+ 44. Qxe2 fxe2 45. Rb1 Bc3 46. d4 cxd4 47. c5 d3
48. c6 Be5 49. Re1 Bd6 0-1

[Event "25th Czech Rapid G1 2014"]
[Site "Pardubice CZE"]
[Date "2014.07.17"]
[Round "9.36"]
[White "Mudrak, Josef"]
[Black "Belousov, Gennadiy"]
[Result "0-1"]
[WhiteTitle "FM"]
[WhiteElo "2350"]
[BlackElo "2222"]
[WhiteFideId "301116"]
[BlackFideId "24183342"]
[EventDate "2014.07.16"]

1. d4 d5 2. Nf3 Nf6 3. g3 g6 4. Bg2 Bg7 5. O-O O-O 6. c4 c6 7. Nc3 dxc4 8. e4 b5
9. a3 e6 10. h3 Nbd7 11. Be3 Bb7 12. Qe2 a5 13. Rfd1 b4 14. Na4 Nxe4 15. Ne5
Nef6 16. Nxd7 Nxd7 17. Qxc4 Nb6 18. Qc2 Nd5 19. Nc5 Qe7 20. h4 h6 21. Bxd5 cxd5
22. axb4 axb4 23. Qd2 Kh7 24. Qxb4 Rxa1 25. Rxa1 Ra8 26. Ra3 Bc6 27. Qb6 Qe8 28.
Na6 Qd7 29. Nb8 Qb7 30. Qxb7 Bxb7 31. Rxa8 Bxa8 32. b4 e5 33. dxe5 Bxe5 34. Nd7
Bc3 35. Bc5 Bc6 36. Nb6 d4 37. f4 d3 38. Nc4 d2 39. Ne3 Ba4 40. Kf2 d1=Q 41.
Nxd1 Bxd1 42. b5 Ba4 43. b6 Bc6 44. Ke2 f5 45. Bf2 Kg8 46. Kd3 Bf6 47. Kc4 Be7
48. Bd4 Kf7 49. Be5 Ke6 50. Bg7 h5 51. Bd4 Kd7 52. Bf2 Ba4 53. Kd5 Bb3+ 54. Ke5
Kc6 55. Be3 Bd8 56. Bd2 Bxb6 57. Kf6 Bd1 58. Kxg6 Bg4 59. Be1 Kd5 60. Kg5 Ke4
61. Kf6 Kf3 62. Ke5 Bf2 0-1

[Event "25th Czech Rapid G1 2014"]
[Site "Pardubice CZE"]
[Date "2014.07.17"]
[Round "9.37"]
[White "Kozlitin, Oleg"]
[Black "Petuchov, Sergej"]
[Result "1/2-1/2"]
[WhiteTitle "IM"]
[WhiteElo "2331"]
[BlackElo "2119"]
[WhiteFideId "4143590"]
[BlackFideId "309567"]
[EventDate "2014.07.16"]

1. e4 e5 2. Nf3 d6 3. d4 Nf6 4. Nc3 Nbd7 5. Bc4 Be7 6. O-O O-O 7. a4 c6 8. b3
Qc7 9. Ba3 h6 10. dxe5 Nxe5 11. Be2 Rd8 12. Re1 d5 13. Bxe7 Qxe7 14. exd5 Nxd5
15. Nxd5 Rxd5 16. Qc1 Nxf3+ 17. Bxf3 Re5 18. Qd2 Bf5 19. a5 Re8 20. Red1 a6 21.
h3 Be4 22. Bxe4 Rxe4 23. Qd7 Re1+ 24. Kh2 Qe5+ 25. g3 Qe2 26. Qxe8+ Qxe8 27.
Rxe1 Qd7 28. c4 Qd3 29. Re3 Qd2 30. Kg2 g6 31. h4 Kg7 32. Ra4 g5 33. hxg5 hxg5
34. Ra1 Kg6 35. Rae1 Qxa5 36. Rd1 Qc5 37. Re8 b5 38. Re4 a5 39. f4 Qa3 40. Rd3
a4 41. cxb5 cxb5 42. Re5 Qc1 43. Rd6+ Kh7 44. Rxb5 gxf4 45. bxa4 Qc2+ 46. Kh3
Qxa4 47. Rh5+ Kg7 48. Rdd5 Qb3 49. Rhg5+ Kf8 50. Rdf5 fxg3 51. Rxg3 Qe6 52. Rf3
Kg7 53. Kh2 1/2-1/2

[Event "25th Czech Rapid G1 2014"]
[Site "Pardubice CZE"]
[Date "2014.07.17"]
[Round "9.38"]
[White "Rozhkov, Viacheslav"]
[Black "Shuvalova, Polina"]
[Result "1-0"]
[WhiteTitle "FM"]
[BlackTitle "WFM"]
[WhiteElo "2327"]
[BlackElo "2108"]
[WhiteFideId "4181484"]
[BlackFideId "24171760"]
[EventDate "2014.07.16"]

1. e4 c5 2. Nf3 g6 3. d4 cxd4 4. Nxd4 Bg7 5. Nc3 Nc6 6. Be3 Nf6 7. Nxc6 bxc6 8.
e5 Ng8 9. f4 d6 10. Qf3 Bd7 11. Rd1 d5 12. g4 f6 13. Nxd5 cxd5 14. Rxd5 e6 15.
Rxd7 Qxd7 16. Qxa8+ Kf7 17. Qxa7 Qxa7 18. Bxa7 fxe5 19. fxe5 Bxe5 20. c3 Nf6 21.
g5 Ne4 22. Bg2 Nxg5 23. h4 Bg3+ 24. Bf2 Bxf2+ 25. Kxf2 Rd8 26. Ke2 Rb8 27. b3 1-0

[Event "25th Czech Rapid G1 2014"]
[Site "Pardubice CZE"]
[Date "2014.07.17"]
[Round "9.39"]
[White "Duda, Antonin"]
[Black "Raudive, Aivars"]
[Result "1/2-1/2"]
[BlackTitle "FM"]
[WhiteElo "2055"]
[BlackElo "2288"]
[WhiteFideId "326720"]
[BlackFideId "11601060"]
[EventDate "2014.07.16"]

1. d4 Nf6 2. Nc3 d5 3. Bg5 Nbd7 4. f3 c5 5. e4 cxd4 6. Bxf6 Nxf6 7. Qxd4 e6 8.
e5 Nd7 9. f4 Bc5 10. Qd2 Qb6 11. Na4 Qb4 12. Nxc5 Qxc5 13. Nf3 Qb6 14. O-O-O Nc5
15. Bd3 Bd7 16. Kb1 Rc8 17. Ka1 Na4 18. Rb1 Rc5 19. f5 exf5 20. Nd4 g6 21. Qh6
Kd8 22. Qg7 Re8 23. Qxf7 Rxe5 24. Nb3 Rc7 25. Rhe1 Be8 26. Qg8 Rce7 27. Rxe5
Rxe5 28. Rd1 Qe6 29. Qxh7 Qe7 30. Qg8 Nb6 31. a3 Re1 32. Rxe1 Qxe1+ 33. Ka2 a6
34. Nc5 Qe7 35. b4 1/2-1/2

[Event "25th Czech Rapid G1 2014"]
[Site "Pardubice CZE"]
[Date "2014.07.17"]
[Round "9.40"]
[White "Tokranovs, Dmitrijs"]
[Black "Dorst, Johannes"]
[Result "0-1"]
[WhiteElo "2297"]
[BlackElo "2299"]
[WhiteFideId "11603011"]
[BlackFideId "4650433"]
[EventDate "2014.07.16"]

1. e4 c5 2. c3 Nf6 3. e5 Nd5 4. d4 cxd4 5. Nf3 Nc6 6. cxd4 d6 7. Bc4 Nb6 8. Bb5
dxe5 9. Nxe5 Bd7 10. Nxd7 Qxd7 11. Nc3 e6 12. O-O Be7 13. Qg4 O-O 14. Bxc6 bxc6
15. Bh6 Bf6 16. Rfd1 e5 17. Qxd7 Nxd7 18. dxe5 Nxe5 19. Ne4 Be7 20. Bf4 Nc4 21.
b3 Nb6 22. Rac1 f5 23. Bd6 fxe4 24. Bxe7 Rfe8 25. Bg5 Rac8 26. Rd6 c5 27. Be3 c4
28. b4 c3 29. Bxb6 axb6 30. Kf1 e3 31. Rd3 exf2 32. Rcxc3 Re1+ 33. Kxf2 Rce8 34.
Re3 R8xe3 35. Rxe3 Rb1 36. a3 Kf7 37. h4 h5 38. g3 Kf6 39. Ke2 Kf5 40. Kd3 Rc1
41. Re7 g6 42. Rb7 Ra1 43. Rxb6 Rxa3+ 44. Kc4 Rxg3 45. Rd6 Rg4+ 46. Kc5 Rxh4 47.
b5 Rh1 48. b6 Rc1+ 49. Kb5 Rb1+ 50. Kc6 h4 51. Rd5+ Kf4 52. Rb5 Rc1+ 53. Kd7
Rd1+ 54. Ke7 Rc1 55. b7 Rc7+ 56. Kf6 Rxb7 57. Rxb7 h3 58. Rb4+ Kf3 59. Kg5 h2
60. Rb3+ Kg2 61. Rb2+ Kg1 62. Kg4 h1=Q 63. Kg3 Qe4 64. Rb3 Qe5+ 65. Kh4 Qf4+ 66.
Kh3 Qf5+ 67. Kh4 g5+ 68. Kg3 Qf4+ 0-1

[Event "25th Czech Rapid G1 2014"]
[Site "Pardubice CZE"]
[Date "2014.07.17"]
[Round "9.41"]
[White "Zpevakova, Jana"]
[Black "Jeitz, Christian"]
[Result "1/2-1/2"]
[WhiteElo "2016"]
[BlackElo "2189"]
[WhiteFideId "334030"]
[BlackFideId "4000803"]
[EventDate "2014.07.16"]

1. d4 Nf6 2. c4 g6 3. Nc3 d5 4. cxd5 Nxd5 5. Bd2 Bg7 6. Nf3 O-O 7. Rc1 Nc6 8. e4
Nxc3 9. bxc3 e5 10. Be3 Bg4 11. d5 Ne7 12. Be2 c6 13. c4 cxd5 14. exd5 b6 15.
O-O Nf5 16. Bd2 Bxf3 17. Bxf3 Nd6 18. Bb4 Re8 19. Qd2 Rc8 20. c5 bxc5 21. Bxc5
Qd7 22. Qb4 Bf8 23. Bd1 Rb8 24. Qa4 Qb7 25. Bb3 Nb5 26. Rfd1 Rbc8 27. Be3 a6 28.
Qg4 Red8 29. Bg5 Rxc1 30. Bxd8 Rxd1+ 31. Qxd1 Nd4 32. Bf6 Nxb3 33. Qxb3 Qc7 34.
Qb2 Bg7 35. Bxg7 Kxg7 36. g3 f6 37. Qa3 Qb7 38. Qd6 Qb1+ 39. Kg2 Qe4+ 40. Kf1
Qd3+ 41. Kg2 Qc3 42. Kg1 Qa3 43. Qxa3 1/2-1/2

[Event "25th Czech Rapid G1 2014"]
[Site "Pardubice CZE"]
[Date "2014.07.17"]
[Round "9.42"]
[White "Musat, Adrian"]
[Black "Seidl, Stepan"]
[Result "1-0"]
[WhiteTitle "FM"]
[WhiteElo "2401"]
[BlackElo "2209"]
[WhiteFideId "1203452"]
[BlackFideId "338290"]
[EventDate "2014.07.16"]

1. Nf3 Nf6 2. c4 g6 3. Nc3 Bg7 4. e4 c5 5. d4 cxd4 6. Nxd4 Nc6 7. Be3 d6 8. Be2
O-O 9. Qd2 Bd7 10. O-O Nxd4 11. Bxd4 Bc6 12. f3 a5 13. Rab1 Nd7 14. Be3 Nc5 15.
Rfc1 Qb6 16. b3 Rfc8 17. a3 Nxb3 18. Bxb6 Nxd2 19. Rb2 Nxc4 20. Bxc4 Bd7 21. Nd1
Bxb2 22. Nxb2 Ra6 23. Be3 Rac6 24. Rb1 Rxc4 25. Nxc4 Rxc4 26. Rxb7 Be6 27. Rxe7
Rc3 28. Bh6 Rc8 29. Ra7 d5 30. exd5 Bxd5 31. Rxa5 Bc4 32. Ra7 f6 33. Rg7+ Kh8
34. Re7 Kg8 35. h4 Ra8 36. Rg7+ Kh8 37. Rc7 Be6 38. Bg7+ Kg8 39. Bxf6 Rxa3 40.
Rg7+ Kf8 41. Rxh7 Bf7 42. Rh8+ Bg8 43. h5 Ra6 44. h6 Kf7 45. Be5 1-0

[Event "25th Czech Rapid G1 2014"]
[Site "Pardubice CZE"]
[Date "2014.07.17"]
[Round "9.43"]
[White "Michenka, Jozef"]
[Black "Lebediantsev, Ruslan"]
[Result "0-1"]
[WhiteTitle "IM"]
[WhiteElo "2326"]
[BlackElo "2145"]
[WhiteFideId "301175"]
[BlackFideId "24135755"]
[EventDate "2014.07.16"]

1. d4 Nf6 2. c4 e6 3. Nc3 Bb4 4. Qc2 O-O 5. a3 Bxc3+ 6. Qxc3 b6 7. Nf3 Bb7 8. g3
d5 9. Bg2 Nbd7 10. O-O dxc4 11. Qxc4 c5 12. dxc5 Nxc5 13. Be3 Rc8 14. Rad1 Qe7
15. Qh4 Rfd8 16. Rxd8+ Rxd8 17. Rc1 h6 18. Bxc5 bxc5 19. Qc4 Rc8 20. Ne1 Bd5 21.
Qa6 Rb8 22. Nd3 c4 23. Nb4 Qb7 24. Qxb7 Rxb7 25. Rxc4 Bxc4 26. Bxb7 Bxe2 27. Nc6
a6 28. b4 Ne8 29. Nb8 Nc7 30. f4 Kf8 31. Kf2 Bb5 32. Ke3 Ke7 33. Nc6+ Kd6 34.
Ne5 f6 35. Nf3 Bc6 36. Bc8 Nb5 37. Bxa6 Nxa3 38. Nd4 Bd7 39. Kd3 e5 40. fxe5+
fxe5 0-1

[Event "25th Czech Rapid G1 2014"]
[Site "Pardubice CZE"]
[Date "2014.07.17"]
[Round "9.44"]
[White "Kratochvil, Karel"]
[Black "Solovyev, Anton"]
[Result "1-0"]
[WhiteElo "2164"]
[BlackElo "2021"]
[WhiteFideId "325546"]
[BlackFideId "24170330"]
[EventDate "2014.07.16"]

1. d4 f5 2. c4 Nf6 3. Nf3 g6 4. h4 Bg7 5. h5 Nxh5 6. Rxh5 gxh5 7. e3 d6 8. Nh4
O-O 9. Qxh5 e5 10. dxe5 dxe5 11. e4 Nc6 12. Nc3 Nd4 13. Nd5 f4 14. Bd3 c6 15.
Bd2 cxd5 16. exd5 h6 17. Qg6 Qb6 18. d6 Rf6 19. Qh7+ Kf7 20. Bg6+ Kf8 21. c5
Qxc5 22. Rc1 Qxd6 23. a3 a5 24. Bxa5 Nc6 25. Rd1 Nd4 26. Bb4 Nc2+ 27. Bxc2 1-0

[Event "25th Czech Rapid G1 2014"]
[Site "Pardubice CZE"]
[Date "2014.07.17"]
[Round "9.45"]
[White "Semenova, Elena1"]
[Black "Marutkins, Olegs"]
[Result "0-1"]
[WhiteTitle "WIM"]
[WhiteElo "2215"]
[BlackElo "2081"]
[WhiteFideId "24125148"]
[BlackFideId "11600012"]
[EventDate "2014.07.16"]

1. e4 e5 2. Nf3 Nc6 3. Nc3 Nf6 4. Be2 Be7 5. O-O O-O 6. d4 exd4 7. Nxd4 Nxd4 8.
Qxd4 d6 9. h3 Re8 10. Be3 Bd7 11. Rad1 Bc6 12. Bb5 Bxb5 13. Nxb5 a6 14. Nc3 Nd7
15. Nd5 Bf6 16. Nxf6+ Qxf6 17. Rfe1 h6 18. Qb4 b6 19. Bd4 Qg6 20. Qc3 c5 21. Be3
Rxe4 22. f3 Re6 23. Bf4 Rae8 24. Rxe6 Rxe6 25. Rd2 Ne5 26. Kh2 Qf6 27. Bg3 h5
28. h4 Qf5 29. Qb3 b5 30. a4 Nc4 31. Rf2 g5 32. axb5 axb5 33. Qxb5 Ne3 34. Qd3
Qf6 35. hxg5 Qxg5 36. Bxd6 Nf5 37. Bc7 Nd4 38. c3 Qh4+ 39. Kg1 Re1+ 40. Rf1 Ne2+ 0-1

[Event "25th Czech Rapid G1 2014"]
[Site "Pardubice CZE"]
[Date "2014.07.17"]
[Round "9.46"]
[White "Kutynec, Vladimir"]
[Black "Hoegener, Claude"]
[Result "1-0"]
[WhiteTitle "IM"]
[WhiteElo "2305"]
[BlackElo "2083"]
[WhiteFideId "4119843"]
[BlackFideId "4000978"]
[EventDate "2014.07.16"]

1. Nf3 Nf6 2. c4 e6 3. g3 d5 4. d4 Be7 5. Bg2 O-O 6. O-O c6 7. Nc3 b6 8. Ne5 Bb7
9. e4 Nbd7 10. Nxc6 Bxc6 11. exd5 exd5 12. cxd5 Bb7 13. d6 Bxg2 14. dxe7 Qxe7
15. Kxg2 Rfd8 16. Re1 Qd6 17. Bf4 Qb4 18. Qd2 Nf8 19. Rad1 Ne6 20. Be5 Ng4 21.
d5 Nxe5 22. Rxe5 Nf8 23. d6 Ng6 24. Re4 Qc5 25. f4 Rd7 26. Qd5 Qxd5 27. Rxd5
Rad8 28. Red4 Nf8 29. f5 Re8 30. Kf3 h6 31. Rc4 Red8 32. Ne4 Nh7 33. Rc7 Kf8 34.
Rxd7 Rxd7 35. h4 Ke8 36. g4 Rd8 37. Re5+ Kf8 38. Re7 Nf6 39. Rxa7 Nxe4 40. Kxe4
Rxd6 41. Rb7 f6 42. a4 Kg8 43. b4 Kh7 44. b5 Kg8 45. h5 Kh7 46. Rb8 Rd1 47. Rxb6
Rg1 48. a5 1-0

[Event "25th Czech Rapid G1 2014"]
[Site "Pardubice CZE"]
[Date "2014.07.17"]
[Round "9.47"]
[White "Soural, Jan"]
[Black "Joukl, Zdenek"]
[Result "1-0"]
[WhiteElo "2234"]
[BlackElo "2062"]
[WhiteFideId "311928"]
[BlackFideId "304247"]
[EventDate "2014.07.16"]

1. d4 d5 2. c4 Bf5 3. e3 e6 4. Nc3 Nf6 5. Qb3 Nc6 6. cxd5 exd5 7. a3 Na5 8. Qa4+
c6 9. Nf3 b5 10. Qd1 Bd6 11. Be2 h6 12. O-O O-O 13. b3 Re8 14. Bb2 Ne4 15. Nxe4
Bxe4 16. Bc3 Qb6 17. Bb4 Nb7 18. Qc1 Rac8 19. Bxd6 Nxd6 20. Ne5 Qb7 21. Qc5 f6
22. Qxd6 fxe5 23. dxe5 Rcd8 24. Qc5 Rxe5 25. Rac1 Re6 26. Rfd1 Qd7 27. Bg4 Rc8
28. f3 Bg6 29. e4 Qf7 30. Bxe6 Qxe6 31. exd5 Qf6 32. dxc6 Kh8 33. Rd7 Be8 34.
Rd6 Qf7 35. Qc2 Qe7 36. c7 a5 37. Qc5 1-0

[Event "25th Czech Rapid G1 2014"]
[Site "Pardubice CZE"]
[Date "2014.07.17"]
[Round "9.48"]
[White "Gergel, Vladimir P"]
[Black "Chekletsov, Ilya"]
[Result "1/2-1/2"]
[WhiteTitle "FM"]
[WhiteElo "2227"]
[BlackElo "2078"]
[WhiteFideId "14100550"]
[BlackFideId "24177156"]
[EventDate "2014.07.16"]

1. d4 Nf6 2. c4 g6 3. Nc3 d5 4. cxd5 Nxd5 5. e4 Nxc3 6. bxc3 Bg7 7. Qa4+ c6 8.
Qa3 O-O 9. Bg5 Re8 10. Rd1 Qd6 11. Qc1 e5 12. d5 cxd5 13. exd5 e4 14. Bb5 Nd7
15. Ne2 a6 16. Ba4 b5 17. Bb3 Nc5 18. O-O Bg4 19. Qe3 Bxe2 20. Qxe2 Nxb3 21.
axb3 Bxc3 22. Bh6 Be5 23. g3 Bg7 24. Bxg7 Kxg7 25. Rd4 Re5 26. Rfd1 Rae8 27. Qe3
Kg8 28. b4 Rc8 29. Kg2 Rc2 30. R1d2 Rc7 31. h4 Kg7 32. Qf4 Rd7 33. g4 h6 34. Qe3
Qf6 35. Kg3 Qd6 36. Kg2 Qf6 37. Kg3 h5 38. gxh5 gxh5 39. Qf4 Qg6+ 40. Kh2 Qf6
41. Qg3+ Kh7 42. d6 Qe6 43. Qf4 f6 44. Re2 Rxd6 45. Rxd6 Qxd6 46. Rxe4 Rd5 47.
Qxd6 Rxd6 48. Kg3 Kg6 49. Re8 Rd3+ 50. f3 Rd4 51. Re6 Rxb4 52. Rxa6 Kf5 53. Rb6
Rb2 54. Rb8 b4 55. Rb5+ Kg6 56. Kf4 b3 57. Rb8 Rb1 58. Rb6 Kg7 59. Kf5 b2 60.
Rb7+ Kh6 61. Rb8 Kg7 62. f4 Rh1 63. Rxb2 Rxh4 64. Rb7+ Kh6 65. Rf7 Rh1 66. Rxf6+
Kg7 67. Rg6+ Kf7 68. Ra6 h4 69. Ra7+ Ke8 70. Kf6 h3 71. f5 Rf1 72. Re7+ Kd8 73.
Rh7 Rf3 74. Ke6 Re3+ 75. Kf6 Rf3 76. Kg6 Rg3+ 77. Kf7 Rf3 78. f6 Kd7 79. Kg6+
Ke6 80. Re7+ Kd6 81. Re1 h2 82. f7 Kd7 83. Rd1+ Ke7 84. Re1+ Kd7 85. Rh1 Ke7 86.
Re1+ Kd7 87. Rh1 Ke7 88. Rxh2 Rf6+ 89. Kg5 Rxf7 90. Re2+ Kd7 1/2-1/2

[Event "25th Czech Rapid G1 2014"]
[Site "Pardubice CZE"]
[Date "2014.07.17"]
[Round "9.49"]
[White "Foermes, Alexander"]
[Black "Shevchenko, Kirill"]
[Result "0-1"]
[BlackTitle "CM"]
[WhiteElo "2035"]
[BlackElo "2100"]
[WhiteFideId "24605255"]
[BlackFideId "14129574"]
[EventDate "2014.07.16"]

1. Nf3 Nf6 2. c4 e6 3. g3 Be7 4. Bg2 O-O 5. O-O d5 6. b3 c5 7. Bb2 Nc6 8. e3 b6
9. Nc3 Ba6 10. Qe2 Qc7 11. d4 dxc4 12. bxc4 Rad8 13. Nb5 Qb8 14. a4 Bb7 15. Rfd1
a6 16. Nc3 cxd4 17. exd4 Na5 18. d5 Nb3 19. Rab1 Nc5 20. Ba3 Qc7 21. dxe6 Nxe6
22. Bxe7 Qxe7 23. Rxb6 Rxd1+ 24. Nxd1 Rd8 25. Nc3 Qc7 26. Qb2 Bxf3 27. Bxf3 Nd4
28. Bg2 Qe5 29. Nd5 Qe1+ 30. Bf1 Nf3+ 31. Kg2 Nxd5 32. Rb8 Rf8 33. Rxf8+ Kxf8
34. Qb8+ Ke7 35. Qb7+ Kf6 36. Qc6+ Ke7 37. cxd5 Ne5 38. Qc7+ Kf6 39. Qd6+ Kf5
40. g4+ Kxg4 41. f3+ Kf5 42. Qc5 Qd2+ 43. Qf2 Qxd5 44. Bxa6 Ng6 45. Bc8+ Kf6 46.
Qb2+ Kg5 47. Qb5 Nf4+ 48. Kg3 Qxb5 49. axb5 Nd5 50. f4+ Kf6 51. Kf3 Ke7 52. Bb7
Nc3 53. Ba6 Na4 54. Ke4 Kd6 55. Kd4 Nb6 56. Bb7 f6 57. Be4 g6 58. h4 f5 59. Bd3
Nd5 60. Bc4 Nxf4 61. Bg8 h6 62. Bh7 Ne6+ 63. Kc4 Nf8 64. Bg8 g5 65. hxg5 hxg5
66. Bd5 Nd7 67. Bc6 Ne5+ 0-1

[Event "25th Czech Rapid G1 2014"]
[Site "Pardubice CZE"]
[Date "2014.07.17"]
[Round "9.50"]
[White "Scherbakov, Mikhail"]
[Black "Mojzis, Jaroslav"]
[Result "1-0"]
[BlackTitle "FM"]
[WhiteElo "1854"]
[BlackElo "2137"]
[WhiteFideId "34130184"]
[BlackFideId "302325"]
[EventDate "2014.07.16"]

1. e4 e5 2. Nf3 Nc6 3. Bb5 a6 4. Ba4 Nf6 5. d3 b5 6. Bb3 Be7 7. O-O O-O 8. a4
Bb7 9. axb5 axb5 10. Rxa8 Bxa8 11. Nc3 b4 12. Nd5 Nxd5 13. Bxd5 d6 14. Bd2 Kh8
15. Bxc6 Bxc6 16. Bxb4 f5 17. Qe2 Qe8 18. Nd2 f4 19. Bc3 Bd7 20. d4 exd4 21.
Bxd4 f3 22. Nxf3 Bg4 23. Rd1 Qh5 24. Rd3 c5 25. Bc3 c4 26. Rd5 Qg6 27. Kf1 Rxf3
28. gxf3 Bh3+ 29. Ke1 Qg1+ 30. Kd2 Qxh2 31. Bd4 Bg2 32. Qxc4 h6 33. Qc8+ Kh7 34.
Qf5+ Kh8 35. Ra5 Bg5+ 36. Be3 Bxe3+ 37. Kxe3 1-0

[Event "25th Czech Rapid G1 2014"]
[Site "Pardubice CZE"]
[Date "2014.07.17"]
[Round "9.51"]
[White "Musaev, Rasul"]
[Black "Jelinek, Vaclav"]
[Result "1-0"]
[WhiteTitle "FM"]
[WhiteElo "2281"]
[BlackElo "1973"]
[WhiteFideId "24146870"]
[BlackFideId "317454"]
[EventDate "2014.07.16"]

1. e4 g6 2. d4 Bg7 3. Nc3 d6 4. f3 Nf6 5. Bg5 c6 6. Qd2 b5 7. Bh6 Bxh6 8. Qxh6
Qa5 9. Qd2 Be6 10. d5 cxd5 11. exd5 Bd7 12. Nxb5 Qxd2+ 13. Kxd2 Kd8 14. Nc3 Bc8
15. Bc4 Bb7 16. Rd1 Nbd7 17. Kc1 Nb6 18. Bb3 a5 19. a4 Ba6 20. Nge2 Nfd7 21. Nd4
Nc5 22. Rhe1 Kd7 23. Nc6 Rhe8 24. Nxa5 Bc8 25. Nc4 Nxc4 26. Bxc4 Kc7 27. Bb5 Bd7
28. Bxd7 Kxd7 29. b3 Rec8 30. Kd2 e5 31. dxe6+ fxe6 32. Ne4 Nxe4+ 33. Rxe4 Rc5
34. c4 Rb8 35. Re3 d5 36. Rd3 Ke7 37. cxd5 Rxd5 38. Rxd5 exd5 39. Kc3 Kd6 40. b4
Rc8+ 41. Kb3 Re8 42. a5 Re2 43. Rc1 1-0

[Event "25th Czech Rapid G1 2014"]
[Site "Pardubice CZE"]
[Date "2014.07.17"]
[Round "9.52"]
[White "Horacek, Michal"]
[Black "Nguyen, Thai Dai Van"]
[Result "0-1"]
[BlackTitle "CM"]
[WhiteElo "2094"]
[BlackElo "2261"]
[WhiteFideId "332526"]
[BlackFideId "358878"]
[EventDate "2014.07.16"]

1. f4 Nf6 2. Nf3 c5 3. e3 Nc6 4. b3 g6 5. Bb2 Bg7 6. Bb5 O-O 7. O-O d6 8. Bxc6
bxc6 9. d3 Qb6 10. Nbd2 Ba6 11. c4 Rfe8 12. Qe1 Bc8 13. Qh4 a5 14. Ng5 h5 15. f5
Bxf5 16. Rxf5 gxf5 17. Bxf6 exf6 18. Ngf3 Rxe3 19. Qxh5 a4 20. Rf1 axb3 21. axb3
Qd8 22. Qxf5 Qc8 23. Qh5 Qe6 24. Ne4 Ra2 25. Ng3 Rxd3 26. Nf5 Qe4 27. Re1 Re2
28. Ra1 Bf8 29. Qh3 Qf4 30. Qh5 Rxb3 31. h3 Rbb2 32. N5h4 Qg3 33. Qg4+ Qxg4 34.
hxg4 Ra2 35. Rb1 Rab2 36. Ra1 Ra2 37. Rd1 Rec2 38. Kh2 Rxc4 39. Kg3 Raa4 40. Nh2
d5 41. Nf5 Rf4 42. Re1 Rxf5 43. gxf5 Bd6+ 44. Kh3 Bxh2 45. Kxh2 c4 46. g4 c3 47.
Kg3 c2 48. Re8+ Kg7 0-1